Australian media law / (Record no. 7185)

MARC details
000 -LEADER
fixed length control field 01003cam a2200277 4500
001 - CONTROL NUMBER
control field 8321
005 - DATE AND TIME OF LATEST TRANSACTION
control field 20181127185626.0
008 - FIXED-LENGTH DATA ELEMENTS--GENERAL INFORMATION
fixed length control field 000404s1999 at b 001 0 eng d
010 ## - LIBRARY OF CONGRESS CONTROL NUMBER
LC control number 00300376
020 ## - INTERNATIONAL STANDARD BOOK NUMBER
International Standard Book Number 0455216754
082 00 - DEWEY DECIMAL CLASSIFICATION NUMBER
Classification number 343.9409/9
Edition number 21
100 1# - MAIN ENTRY--PERSONAL NAME
Personal name Butler, D. A.
Fuller form of name (Des A.)
245 10 - TITLE STATEMENT
Title Australian media law /
Statement of responsibility, etc. Des Butler, Sharon Rodrick ; with contributions by Lawrence McNamara, Anne Fitzgerald.
250 ## - EDITION STATEMENT
Edition statement 1st ed.
260 ## - PUBLICATION, DISTRIBUTION, ETC.
Place of publication, distribution, etc. Sydney :
Name of publisher, distributor, etc. LBC Information Services ;
Place of publication, distribution, etc. Holmes Beach, Fla. :
Name of publisher, distributor, etc. Gaunt [distributor],
Date of publication, distribution, etc. 1999.
300 ## - PHYSICAL DESCRIPTION
Extent xxii, 569 p. ;
Dimensions 24 cm.
504 ## - BIBLIOGRAPHY, ETC. NOTE
Bibliography, etc. note Includes bibliographical references (p. 547-550) and index.
650 #0 - SUBJECT ADDED ENTRY--TOPICAL TERM
Topical term or geographic name entry element Freedom of information
Geographic subdivision Australia.
Topical term or geographic name entry element Freedom of the press
Geographic subdivision Australia.
Topical term or geographic name entry element Mass media
General subdivision Law and legislation
Geographic subdivision Australia.
Topical term or geographic name entry element Press law
Geographic subdivision Australia.
700 1# - ADDED ENTRY--PERSONAL NAME
Personal name Fitzgerald, Anne,
Dates associated with a name 1955-
Personal name McNamara, Lawrence.
Personal name Rodrick, Sharon.
Holdings
Withdrawn status Lost status Source of classification or shelving scheme Damaged status Not for loan Collection code Home library Current library Shelving location Serial Enumeration / chronology Inventory number Total Checkouts Full call number Barcode Date last seen Price effective from Koha item type
    Dewey Decimal Classification     Main TEST RTC Library RTC Library Main opac 12712   343.94 BUT 30012613 27/11/2018 27/11/2018 Main
Royal Thimphu College || All Right Reserved